|
|
|
|
| LEADER |
01411nam a2200397 i 4500 |
| 001 |
001843378 |
| 003 |
CZ BrMZK |
| 005 |
20230209075042.0 |
| 007 |
ta |
| 008 |
221215t20202020sz a f 001 0 eng |
| 020 |
|
|
|a 978-3-030-49178-9
|q (vázáno)
|
| 040 |
|
|
|a BOA001
|b cze
|e rda
|
| 072 |
|
7 |
|a 611
|x Anatomie člověka a srovnávací anatomie
|2 Konspekt
|9 14
|
| 080 |
|
|
|a 611.8
|2 MRF
|
| 080 |
|
|
|a 611.83
|2 MRF
|
| 080 |
|
|
|a 611.97/.98
|2 MRF
|
| 080 |
|
|
|a (084.42)
|2 MRF
|
| 245 |
0 |
0 |
|a Atlas of anatomy of the peripheral nerves :
|b the nerves of the limbs - expert edition /
|c Philippe Rigoard
|
| 264 |
|
1 |
|a Cham :
|b Springer,
|c [2020]
|
| 264 |
|
4 |
|c ©2020
|
| 300 |
|
|
|a xxxv, 468 stran :
|b ilustrace (převážně barevné) ;
|c 29 cm
|
| 336 |
|
|
|a text
|b txt
|2 rdacontent
|
| 336 |
|
|
|a statický obraz
|b sti
|2 rdacontent
|
| 337 |
|
|
|a bez média
|b n
|2 rdamedia
|
| 338 |
|
|
|a svazek
|b nc
|2 rdacarrier
|
| 500 |
|
|
|a "Philippe Rigoard editor"--Obálka
|
| 504 |
|
|
|a Obsahuje bibliografii a rejstřík
|
| 650 |
0 |
7 |
|a neuroanatomie
|7 ph136945
|2 czenas
|
| 650 |
0 |
7 |
|a periferní nervový systém
|7 ph124038
|2 czenas
|
| 650 |
0 |
7 |
|a končetiny
|7 ph121838
|2 czenas
|
| 655 |
|
7 |
|a atlasy
|7 fd131835
|2 czenas
|
| 700 |
1 |
|
|a Rigoard, Philippe
|7 xx0229770
|4 edt
|
| 910 |
|
|
|a BOA001
|b 4-1500.742
|
| 990 |
|
|
|a BK
|
| 991 |
|
|
|b 202302
|c NOV
|
| 996 |
6 |
|
|b 2610925004
|c 4-1500.742
|l MZK
|r STM 6p
|n 0
|p kupz
|h 611 RIG
|w 001908719
|u 000010
|a 0
|e BOA001
|j MZK50
|s P
|